000 00547nam a2200205Ia 4500
005 20250505145729.0
008 008 250505s9999 xx 000 0 eng d
037 _aTextbook
040 _aFML
_beng
_cFML
041 _aeng
_2eng
084 _aNR44z7 R3
_qFML
100 _aGhosh, Sujit K.
_9728161
245 0 _aRamayana In The North-East India
260 _aDelhi
_bB.R. Pub. Coop.
_c2023
300 _a248p
365 _aINR
_b1250
650 _aMusic
942 _cTB
_hNR44z7 R3
999 _c1311660
_d1311660